000 00930nam a2200253 a 4500
001 000024790
005 20240302073957.0
008 110204s2000 dr a 000 0 spa d
020 _a9993483435
040 _aDO-SdBNP
_bspa
_cBNPHU
082 _a923.57293
_bG633C
100 1 _aCassá, Roberto,
_d1948-
_910888
245 1 0 _aMáximo Gómez :
_blibertador de Cuba /
_cRoberto Cassá ; ilustración Ramiro Manzano.
260 _aSanto Domingo :
_bTobogán,
_c2000.
_fAlfa y Omega
300 _a65 p. :
_bil. ;
_c21 cm.
490 1 _aBibliografías dominicanas Tobogán ;
590 _aInventariado, 2018/ YL
600 1 0 _aGómez, Máximo,
_d1836-1905
_912249
651 1 _aCuba
_xHistoria
_yGUERRA DE INDEPENDENCIA, 1895-1898
_911019
651 4 _aRepública Dominicana
_xHistoria
_9170
700 1 _aManzano, Ramiro,
_eil.
_9768
830 0 _aBiografías dominicanas Tobogán
_9769
910 _aValidado. Control de calidad MMOLINA
999 _c24283
_d24283